000 00752nam a2200217Ia 4500
003 OSt
005 20220927105016.0
006 a|||||r|||| 00| 0
007 ta
008 220926b |||||||| |||| 00| 0 eng d
024 _a167054
037 _cReference Collections
040 _aRTL
_cRTL
_beng
041 _2eng
_aeng
082 _a"Y:5.236sN71, L2. AHM"
100 _a"Census of India, 1971"
245 0 _a"District census handbook, 1971. Gujrat"
_b" Ahmadabad district, Pt. ( X-A and X-B) Village and town directory village and townwise primary census abstract"
260 _aGujrat
_bGovt Press
_c1971
942 _h"Y:5.236sN71, L2. AHM"
_cCC
999 _c690182
_d690182